[Event "ESTCC U50 2018"]
[Site "Walbrzych"]
[Date "2018.04.19"]
[Round "6"]
[White "Rooze, Jan"]
[Black "Laszewicz, Pawel"]
[Result "0-1"]
[WhiteElo "2307"]
[BlackElo "2110"]
[Annotator "TA"]
[PlyCount "90"]
[EventDate "2018.??.??"]
[EventCountry "POL"]
[SourceTitle "playchess.com"]
[Source "ChessBase"]
[SourceQuality "1"]
[WhiteTeam "Belgium"]
[BlackTeam "Poland"]
[WhiteTeamCountry "BEL"]
[BlackTeamCountry "POL"]

{[%evp 18,90,50,29,54,26,27,-2,-19,-30,-42,-58,-58,-42,22,-77,-71,-45,-32,-38,-22,-22,-11,-38,-37,-39,-31,-22,0,0,0,0,0,-79,-66,-114,-74,-71,-69,-91,-88,-91,-83,-84,-85,-86,-85,-124,-139,-142,-128,-166,-160,-230,-225,-233,-218,-260,-261,-248,-255,-408,-197,-306,-302,-293,-298,-364,-287,-324,-308,-336,-328,-317,-318]} 1. e4 e5 2. Nf3 Nf6 3. d4 exd4 4. e5 Ne4 5. Qxd4 d5 6. exd6 Nxd6 7. Nc3 Nc6 8. Qf4 Bf5 9. Bb5 Qe7+ {C43: Petroff Defence: 3 d4} 10. Kf1 {LiveBook: 6 Games} (10. Be3 Nxb5 11. Nxb5 Qb4+ 12. Qxb4 Bxb4+ 13. c3 Ba5 14. b4 Bd3 15. a4 a6 16. O-O-O axb5 17. Rxd3 Nxb4 18. cxb4 Bxb4 {1-0 (46) Pap,M (2511)-Wichmann,C (2349) Bad Woerishofen 2013}) 10... Bd7 11. Nd5 $146 (11. Bxc6 $5 Bxc6 12. Nd4 $14) ({Predecessor:} 11. Bxc6 Bxc6 12. Ne5 O-O-O 13. Nxc6 bxc6 14. Be3 Qe6 15. Bxa7 Nc4 16. b3 Nd2+ 17. Kg1 {1-0 (39) Flores Gutierrez,C (2379)-Brusila,H (2284) England 1999}) 11... Qd8 {White has an edge.} 12. Bd3 Be6 13. c4 Qd7 14. Be3 O-O-O 15. Rd1 Ne7 ({Black should play} 15... Kb8 $15) 16. Ne5 ({Not} 16. Bxa7 $2 Qa4 $19) (16. Nc3 $11 {remains equal.} Qe8 17. b3 (17. Bxa7 Ng6 $11)) 16... Qa4 $17 {[%cal Ra4d1] [#]} 17. Nc3 Qb4 18. c5 Qxf4 19. Bxf4 Ndf5 20. c6 f6 $1 {[%cal Rf6e5]} 21. cxb7+ Kb8 $1 22. Nf3 Rxd3 23. Rxd3 Bc4 $36 {[%mdl 2048] Black is pushing.} 24. Ke2 Ng6 25. Bc1 (25. Bg3 $11 {keeps the balance.}) 25... Bc5 26. Kd2 Bxd3 ({But not} 26... Kxb7 $6 27. Ne4 $11) 27. Kxd3 Bxf2 28. Rf1 Bb6 29. g4 Rd8+ 30. Kc2 Nd4+ 31. Nxd4 Rxd4 32. g5 {[#]} fxg5 $1 33. Bxg5 Rg4 34. Rf5 Rg2+ 35. Kb3 (35. Kd3 $17) 35... Rxh2 $19 ({Resist} 35... Kxb7 36. Na4) 36. a4 {intending a5.} Kxb7 37. a5 Bd4 38. Kc4 Be5 {Strongly threatening ...Rh5.} 39. Na4 (39. Bc1 {is a better defense.}) 39... Rc2+ (39... Rh5 $142 40. Nc5+ Kc8) 40. Kd5 (40. Kd3 {might work better.} Rg2 41. Bd2) 40... c6+ 41. Ke6 Bd4 42. b4 Rf2 43. Rxf2 {Black has a decisive advantage.} Bxf2 44. Nb2 Ka6 45. Nd3 Bd4 {Precision: White = 24%, Black = 66%.} 0-1

[Event "ESTCC U50 2018"]
[Site "Walbrzych"]
[Date "2018.04.19"]
[Round "6"]
[White "Strutinskaia, Galina"]
[Black "Ograbek, Grzegorz"]
[Result "1/2-1/2"]
[WhiteElo "2232"]
[BlackElo "2140"]
[Annotator "NA"]
[PlyCount "65"]
[EventDate "2018.??.??"]
[EventCountry "POL"]
[SourceTitle "playchess.com"]
[Source "ChessBase"]
[SourceQuality "1"]
[WhiteTeam "Russia"]
[BlackTeam "Poland"]
[WhiteTeamCountry "RUS"]
[BlackTeamCountry "POL"]
[TimeControl "40/5400+30:1800+30"]

1. c4 Nf6 2. Nc3 g6 3. e4 d6 4. d4 Bg7 5. Be2 O-O 6. h4 h5 7. Nf3 {E73: King's Indian: Averbakh Variation without 6...c5} c5 8. d5 a6 $146 ({Predecessor:} 8... Bg4 9. Be3 a6 10. Qd2 Qa5 11. Bh6 Nbd7 12. Bxg7 Kxg7 13. Ng5 Bxe2 14. Qxe2 b5 {0-1 (29) Dimitrijevic,A (2323)-L'Ami,A (2393) Doha 2014}) 9. a4 e6 10. dxe6 Bxe6 11. Bf4 Qa5 12. O-O Nc6 13. Ng5 Rfe8 14. Bd3 ({Of course not} 14. Bxd6 Rad8 $17) 14... Rad8 15. Nd5 Rd7 16. Ra3 Ng4 17. Bd2 Qd8 18. Bc3 Nd4 19. a5 Ne5 20. Bxd4 cxd4 21. b4 Bxd5 22. exd5 Rc7 23. b5 Nxd3 24. Qxd3 axb5 25. cxb5 Rc3 26. Rxc3 dxc3 27. Ne4 Qd7 28. Nxc3 Bxc3 29. Qxc3 Qxb5 30. Rd1 Re5 $11 31. Qd2 Qc5 32. g3 Qb5 33. Kg2 1/2-1/2

[Event "ESTCC U50 2018"]
[Site "Walbrzych"]
[Date "2018.04.19"]
[Round "6"]
[White "Tuomala, Timo"]
[Black "Lewis, Andrew P"]
[Result "0-1"]
[WhiteElo "2197"]
[BlackElo "2279"]
[Annotator "TA"]
[PlyCount "80"]
[EventDate "2018.??.??"]
[EventCountry "POL"]
[SourceTitle "playchess.com"]
[Source "ChessBase"]
[SourceQuality "1"]
[WhiteTeam "Finland"]
[BlackTeam "England"]
[WhiteTeamCountry "FIN"]
[BlackTeamCountry "ENG"]

{[%evp 14,80,18,7,24,16,23,14,27,31,30,30,32,0,0,0,0,-13,-18,-22,-20,-23,-1,-51,-58,-50,-57,-46,0,-15,4,-28,-24,-18,-16,-79,-80,-74,-86,-83,-77,-77,-81,-115,-87,-93,-74,-79,-86,-147,-141,-145,-145,-133,-103,-302,-270,-383,-375,-402,-391,-398,-325,-489,-486,-469,-425,-29972,-29973]} 1. Nf3 Nf6 2. c4 g6 3. g3 Bg7 4. Bg2 O-O 5. Nc3 d6 6. O-O e5 7. d3 Re8 8. e4 {LiveBook: 23 Games} Bg4 {A24: English Opening vs King's Indian: Lines without ...Nc6} 9. h3 Bxf3 10. Bxf3 Nc6 {The position is equal.} 11. Be3 Nd7 12. Bg2 a5 13. a3 Nd4 {[#]} 14. b3 $146 ({Predecessor:} 14. b4 axb4 15. axb4 Rxa1 16. Qxa1 {0-1 (77) Stefanova,A (2505)-Mamedov,R (2655) Almaty 2016}) 14... c6 15. Bxd4 (15. h4 {keeps more tension.} Qe7 16. Re1 h5 17. Rb1 Bf6 18. Rf1) 15... exd4 16. Ne2 Qe7 17. Re1 h5 {[%cal Bh7h5,Bh5h4][%mdl 32]} 18. b4 h4 19. g4 axb4 20. axb4 Ne5 21. Qd2 Qf6 {Strongly threatening ...Rxa1.} 22. f4 Rxa1 23. Rxa1 Nxc4 $1 24. dxc4 (24. g5 $1 $11 Nxd2 25. gxf6 Bxf6 26. Rd1) 24... d3 $1 $36 {[%mdl 2048] Black is in control.} 25. Rf1 ({Avoid the trap} 25. e5 $2 dxe5 26. Nc1 (26. g5 $2 Qf5 $19) 26... Qxf4 $19) 25... dxe2 26. Qxe2 Qd4+ 27. Kh1 Ra8 28. Rd1 Qc3 29. b5 Ra3 30. bxc6 bxc6 31. e5 (31. Qe1 $142) 31... dxe5 32. f5 g5 33. Qe4 c5 34. Qd5 $2 {[#]} (34. Bf1 $17 {was called for.}) 34... Bf6 $1 $19 35. Qe4 (35. Qxc5 $142 e4 36. Qg1) 35... Kg7 36. Bf1 Ra2 37. Bg2 Rc2 38. Rb1 (38. Bf1 $142) 38... Rd2 39. Qe1 e4 40. Rc1 {[#]} (40. Qxe4 $19 Rd3 41. Qe2) 40... Qb2 {Precision: White = 42%, Black = 72%.} 0-1

[Event "ESTCC U50 2018"]
[Site "Walbrzych"]
[Date "2018.04.19"]
[Round "6"]
[White "Sirotkina, Nina"]
[Black "Strzelecki, Jerzy"]
[Result "1/2-1/2"]
[WhiteElo "2175"]
[BlackElo "2038"]
[Annotator "NA"]
[PlyCount "91"]
[EventDate "2018.??.??"]
[EventCountry "POL"]
[SourceTitle "playchess.com"]
[Source "ChessBase"]
[SourceQuality "1"]
[WhiteTeam "Russia"]
[BlackTeam "Poland"]
[WhiteTeamCountry "RUS"]
[BlackTeamCountry "POL"]
[TimeControl "40/5400+30:1800+30"]

1. c4 {[%emt 0:00:00]} e6 {[%emt 0:01:53]} 2. g3 {[%emt 0:01:40]} d5 {[%emt 0:00:35]} 3. Bg2 {[%emt 0:00:31]} dxc4 {[%emt 0:02:51]} 4. Qa4+ {[%emt 0:02:58]} Nd7 {[%emt 0:00:13]} 5. Qxc4 {[%emt 0:05:04]} c5 {[%emt 0:00:11]} 6. Nf3 {[%emt 0:02:48]} Ngf6 {[%emt 0:00:31]} 7. O-O {[%emt 0:01:27]} a6 {[%emt 0:00:10]} 8. Qc2 {[%emt 0:03:16]} b5 {[%emt 0:07:36] A13: English Opening: 1...e6} 9. Ne5 {[%emt 0:13:34]} (9. a4 Bb7 10. Nc3 Qb6 11. d3 Be7 12. axb5 axb5 13. Rxa8+ Bxa8 14. Qb3 Nd5 15. Bg5 Nxc3 16. Qxc3 f6 17. Bd2 O-O 18. Ra1 Bb7 19. Ne1 Bxg2 20. Nxg2 {1-0 (53) Aronian,L (2797)-Wojtaszek,R (2744) Beijing 2014}) 9... Nd5 {[%emt 0:00:39]} 10. Nxd7 {[%emt 0:06:47]} Bxd7 {[%emt 0:01:37]} ({Predecessor:} 10... Qxd7 11. Nc3 Bb7 12. Nxd5 Bxd5 13. a4 Bxg2 14. Kxg2 Rc8 15. axb5 axb5 16. d3 {0-1 (45) Gogolev,A (2379)-Aleksandrov,A (2560) Orsha 2018}) 11. Nc3 {[%emt 0:08:00]} Bc6 {[%emt 0:06:34]} 12. b3 {[%emt 0:09:43]} Be7 {[%emt 0:02:54]} 13. Bb2 {[%emt 0:02:21]} O-O {[%emt 0:00:15]} 14. Rad1 {[%emt 0:05:08]} Rc8 {[%emt 0:03:14]} 15. Qb1 {[%emt 0:01:54]} Nxc3 {[%emt 0:14:03]} 16. dxc3 {[%emt 0:05:44]} Qc7 {[%emt 0:00:17]} 17. Bxc6 {[%emt 0:11:14]} Qxc6 {[%emt 0:00:21]} 18. c4 {[%emt 0:00:34]} Rfd8 {[%emt 0:00:25]} 19. Qc2 {[%emt 0:00:57]} f5 {[%emt 0:10:51]} 20. Be5 {[%emt 0:01:14]} Kf7 {[%emt 0:02:34]} 21. Qc3 {[%emt 0:01:18]} b4 {[%emt 0:01:54]} 22. Qb2 {[%emt 0:00:22]} Bf8 {[%emt 0:00:22]} 23. f3 {[%emt 0:01:38]} Kg8 {[%emt 0:00:36]} 24. Qc2 {[%emt 0:01:31]} Be7 {[%emt 0:01:13]} 25. Qb2 {[%emt 0:01:14]} Bf8 {[%emt 0:00:52]} 26. Qc1 {[%emt 0:00:50]} Be7 {[%emt 0:01:42]} 27. Kg2 {[%emt 0:01:12]} h6 {[%emt 0:02:20]} 28. Qb2 {[%emt 0:00:38]} Bf8 {[%emt 0:00:10]} 29. Rd2 {[%emt 0:02:07]} Rd7 {[%emt 0:00:29]} 30. Rfd1 {[%emt 0:00:43]} Rcd8 {[%emt 0:00:30]} 31. Qc2 {[%emt 0:01:42]} Kf7 {[%emt 0:02:31]} 32. Rxd7+ {[%emt 0:01:29]} Rxd7 {[%emt 0:00:09]} 33. Rd3 {[%emt 0:00:27]} Be7 {[%emt 0:04:16]} 34. Qd2 {[%emt 0:01:19]} Rxd3 {[%emt 0:00:17]} 35. Qxd3 {[%emt 0:00:06]} Kg8 {[%emt 0:12:22]} 36. Kf2 {[%emt 0:01:09]} Kf7 {[%emt 0:00:22]} 37. Qd1 {[%emt 0:01:34]} Kg8 {[%emt 0:00:33]} 38. Qd3 {[%emt 0:00:50]} Kf7 {[%emt 0:00:10]} 39. Kg2 $11 {[%emt 0:01:12]} Kg8 {[%emt 0:00:16]} 40. h3 {[%emt 0:00:00]} h5 {[%emt 0:02:20]} 41. Qd2 {[%emt 0:08:44]} Kh7 {[%emt 0:01:52]} 42. Qd3 {[%emt 0:03:27]} Kg8 {[%emt 0:00:12]} 43. Qd2 {[%emt 0:06:07]} Kh7 {[%emt 0:00:34]} 44. Qd3 {[%emt 0:00:57]} Kg8 {[%emt 0:00:10]} 45. Qd2 {[%emt 0:00:12]} Kh7 {[%emt 0:00:06]} 46. Qd3 {[%emt 0:00:06]} 1/2-1/2

[Event "ESTCC U50 2018"]
[Site "Walbrzych"]
[Date "2018.04.19"]
[Round "6"]
[White "Viljava, Tapani"]
[Black "Scowen, Roger S"]
[Result "1-0"]
[WhiteElo "2162"]
[BlackElo "1882"]
[Annotator "NA"]
[PlyCount "59"]
[EventDate "2018.??.??"]
[EventCountry "POL"]
[SourceTitle "playchess.com"]
[Source "ChessBase"]
[SourceQuality "1"]
[WhiteTeam "Finland"]
[BlackTeam "England"]
[WhiteTeamCountry "FIN"]
[BlackTeamCountry "ENG"]
[TimeControl "40/5400+30:1800+30"]

1. c4 Nf6 2. Nf3 d5 3. cxd5 Nxd5 4. d4 g6 5. e4 {LiveBook: 104 Games} Nf6 6. Nc3 Bg7 7. h3 c6 {D90: Grünfeld: 4 Nf3 Bg7 sidelines} (7... O-O 8. Be3 a6 9. Bd3 c5 10. dxc5 Nbd7 11. O-O Qc7 12. Na4 Nh5 13. Qc1 Ne5 14. Be2 Nxf3+ 15. Bxf3 {1-0 (28) Kozul,Z (2632)-Shabanaj,S (2121) Durres 2014}) 8. Qb3 $146 ({Predecessor:} 8. Bd3 O-O 9. O-O a5 10. Bg5 Re8 11. Qd2 a4 12. Rfe1 Be6 13. Bh6 Bh8 14. Bc2 {1-0 (83) Pohl Kuemmel,J (2232)-Blaskowski,J (2270) Germany 2010}) 8... O-O 9. Be3 b6 10. Rd1 Bb7 11. Be2 e6 12. O-O Nbd7 13. Qc2 Qc7 14. Qd2 c5 15. Bf4 Qc8 16. d5 exd5 17. exd5 Re8 18. Nb5 Nxd5 19. Nd6 Rxe2 20. Qxe2 Nxf4 21. Qd2 Bh6 22. Nxc8 Nxh3+ 23. gxh3 Bxd2 24. Ne7+ Kf8 25. Rxd2 Nf6 26. Ne5 Kxe7 27. Re1 Kf8 28. Rd6 Kg7 29. Nd7 Rd8 $18 (29... Ne4 $11 {and Black is okay.} 30. Rd3 c4) 30. Nxf6 1-0

[Event "ESTCC U50 2018"]
[Site "Walbrzych"]
[Date "2018.04.19"]
[Round "6"]
[White "Wagner-Michel, Annett"]
[Black "Mariotti, Sergio"]
[Result "1/2-1/2"]
[WhiteElo "2104"]
[BlackElo "2288"]
[Annotator "TA"]
[PlyCount "78"]
[EventDate "2018.??.??"]
[EventCountry "POL"]
[SourceTitle "playchess.com"]
[Source "ChessBase"]
[SourceQuality "1"]
[WhiteTeam "Germany"]
[BlackTeam "Italy"]
[WhiteTeamCountry "GER"]
[BlackTeamCountry "ITA"]

{[%evp 15,78,54,71,34,39,10,18,0,0,-27,48,42,39,25,47,42,57,50,64,89,159,154,157,158,151,150,158,108,103,105,102,105,104,99,102,102,100,95,138,138,286,320,305,292,389,385,375,381,371,369,325,329,322,257,252,145,302,0,247,0,295,0,247,0,285]} 1. e4 c5 2. Nf3 e6 3. d4 cxd4 4. Nxd4 a6 5. Bd3 Qc7 6. O-O Nf6 7. Be3 d6 8. c4 {B42: Sicilian: Kan Variation: 5 Bd3} Nbd7 {LiveBook: 3 Games} (8... Be7 9. Nc3 O-O 10. Rc1 Re8 11. f3 Nbd7 12. Qd2 b6 13. Rfd1 Bb7 14. Bf1 Rac8 15. Kh1 Qb8 16. Bg1 Ba8 17. a3 Kh8 18. b4 g5 19. Qxg5 Nxe4 20. Qh5 Nef6 21. Qh6 Rg8 22. Qe3 Ne5 23. Na4 Rg6 24. Nb3 Rcg8 25. Nd2 Nh5 26. Nxb6 Bg5 27. Qc3 Bc6 28. c5 {1-0 (29) Gelfand,B (2700)-Ivanchuk,V (2699) Monte Carlo 2003}) 9. b3 Be7 10. f3 $146 {[%cal Bf2f3,Bf3f4][%mdl 32] White is slightly better.} ({Predecessor:} 10. Nc3 b6 11. Rc1 Bb7 12. b4 Rc8 13. f3 O-O 14. b5 a5 15. Nb3 Rfd8 16. Na4 {0-1 (50) Cukrowski,F (1781)-Wieczorek,O (2125) Wroclaw 2007}) 10... Ne5 11. Be2 O-O 12. f4 Ned7 (12... Ng6 $11) 13. Bf3 $14 Re8 14. Qd2 Bf8 15. Nc3 e5 16. Nde2 exf4 17. Nxf4 Nc5 ({Better is} 17... b5) 18. Nfd5 Nxd5 19. Nxd5 ({Don't take} 19. cxd5 $6 Qe7 $16) 19... Qd8 20. Qf2 {Bh5 is the strong threat.} f6 21. Qh4 Be6 22. Bh5 $36 {[%mdl 2048] White is on the roll.} Bxd5 23. Bxe8 {aiming for Bg6.} Bxc4 24. bxc4 Qxe8 25. Bxc5 dxc5 26. Rad1 b5 27. Qg4 Qc6 {[#]} (27... g6 $16 {keeps fighting.} 28. Rxf6 Bg7) 28. e5 $1 $18 fxe5 29. Rd7 Qg6 30. Qd1 {Threatening mate with Qd5+.} Qe6 31. Rd8 Rxd8 32. Qxd8 {[%csl Gd8][%cal Rf1f8][%mdl 4096] [#] Endgame KQR-KQB} Qd6 33. Qe8 {Intending Qf7+ and mate.} Qe7 34. Qa8 g6 35. Qd5+ (35. Qxa6 $18 b4 36. Qc6) 35... Kh8 $2 (35... Kg7 $16) 36. Qa8 Kg8 37. Qd5+ {[%mdl 1024] White has strong compensation.} Kh8 $1 38. Qa8 Kg8 39. Qd5+ Kh8 $1 {[%mdl 32768] Precision: White = 41%, Black = 47%. . An unexpected result.} 1/2-1/2

[Event "ESTCC U50 2018"]
[Site "Walbrzych"]
[Date "2018.04.19"]
[Round "6"]
[White "Bowmer, Kevin"]
[Black "Kivimaki, Jaakko"]
[Result "0-1"]
[WhiteElo "2064"]
[BlackElo "2181"]
[Annotator "NA"]
[PlyCount "68"]
[EventDate "2018.??.??"]
[EventCountry "POL"]
[SourceTitle "playchess.com"]
[Source "ChessBase"]
[SourceQuality "1"]
[WhiteTeam "England"]
[BlackTeam "Finland"]
[WhiteTeamCountry "ENG"]
[BlackTeamCountry "FIN"]
[TimeControl "40/5400+30:1800+30"]

1. e4 {[%emt 0:00:00]} e5 {[%emt 0:00:02]} 2. Nf3 {[%emt 0:00:00]} Nc6 {[%emt 0:00:02]} 3. Bb5 {[%emt 0:00:00]} Nge7 {[%emt 0:00:06]} 4. O-O {[%emt 0:00:03]} Ng6 {[%emt 0:00:07]} 5. c3 {[%emt 0:00:22]} a6 {[%emt 0:00:07]} 6. Ba4 {[%emt 0:00:19]} Be7 {[%emt 0:00:04]} 7. d4 {[%emt 0:00:17]} d6 {[%emt 0:00:04]} 8. d5 {[%emt 0:04:06]} b5 {[%emt 0:00:29]} 9. Bc2 {[%emt 0:00:36]} Na5 {[%emt 0:00:05]} 10. a4 {[%emt 0:00:54]} Bd7 {[%emt 0:00:23]} 11. Na3 {[%emt 0:01:06]} c5 {[%emt 0:00:38]} 12. dxc6 {[%emt 0:01:37]} Nxc6 {[%emt 0:00:09]} 13. Be3 {[%emt 0:01:12]} O-O {[%emt 0:06:14]} 14. axb5 {[%emt 0:09:49]} axb5 {[%emt 0:00:07]} 15. Nxb5 {[%emt 0:00:42]} Rxa1 {[%emt 0:00:07]} 16. Qxa1 {[%emt 0:00:33]} Nb4 {[%emt 0:00:40]} 17. Ba4 {[%emt 0:10:01]} Qb8 {[%emt 0:17:18]} 18. Na7 {[%emt 0:14:26]} Bxa4 {[%emt 0:02:17]} 19. Qxa4 {[%emt 0:01:20]} Nd3 {[%emt 0:00:10]} 20. b4 {[%emt 0:07:04]} f5 {[%emt 0:02:51]} 21. exf5 {[%emt 0:06:22]} Rxf5 {[%emt 0:00:37]} 22. Qd7 {[%emt 0:03:31]} Qf8 {[%emt 0:02:21]} 23. Nc6 {[%emt 0:04:15]} Rxf3 {[%emt 0:15:47]} 24. Nxe7+ {[%emt 0:01:55]} Nxe7 {[%emt 0:00:08]} 25. gxf3 {[%emt 0:00:41]} Ng6 {[%emt 0:00:09]} 26. Qe6+ {[%emt 0:05:11]} Kh8 {[%emt 0:00:09]} 27. Qg4 {[%emt 0:02:36]} Ndf4 {[%emt 0:01:55]} 28. Bxf4 {[%emt 0:03:14]} Nxf4 {[%emt 0:00:07]} 29. Ra1 {[%emt 0:11:26]} h5 {[%emt 0:01:02]} 30. Qd7 {[%emt 0:00:24]} Qf6 {[%emt 0:01:10]} 31. Kf1 {[%emt 0:01:59]} Qg6 {[%emt 0:00:44]} 32. Qa7 {[%emt 0:02:43]} d5 {[%emt 0:12:22]} 33. Ke1 {[%emt 0:07:01]} Qd3 {[%emt 0:00:44]} 34. Qa2 {[%emt 0:00:41]} Ng2# {[%emt 0:00:07]} 0-1

[Event "ESTCC U50 2018"]
[Site "Walbrzych"]
[Date "2018.04.19"]
[Round "6"]
[White "Van Herck, Marcel"]
[Black "Daleczko, Zbigniew"]
[Result "1-0"]
[WhiteElo "2061"]
[BlackElo "1835"]
[Annotator "NA"]
[PlyCount "97"]
[EventDate "2018.??.??"]
[EventCountry "POL"]
[SourceTitle "playchess.com"]
[Source "ChessBase"]
[SourceQuality "1"]
[WhiteTeam "Belgium"]
[BlackTeam "Poland"]
[WhiteTeamCountry "BEL"]
[BlackTeamCountry "POL"]
[TimeControl "40/5400+30:1800+30"]

1. d4 {[%emt 0:00:11]} Nf6 {[%emt 0:00:16]} 2. Nf3 {[%emt 0:01:32]} c5 {[%emt 0:00:21]} 3. d5 {[%emt 0:00:32]} e6 {[%emt 0:00:09]} 4. Nc3 {[%emt 0:01:53]} Nxd5 {[%emt 0:02:03]} 5. Nxd5 {[%emt 0:00:08]} exd5 {[%emt 0:00:02]} 6. Qxd5 {[%emt 0:00:21]} Nc6 {[%emt 0:00:38]} 7. Bf4 {[%emt 0:32:19] A43: Schmid Benoni} (7. Ng5 Qe7 8. c3 d6 9. Bf4 Be6 10. Qd2 d5 11. e3 h6 12. Nxe6 Qxe6 13. O-O-O O-O-O 14. Bd3 Bd6 {1-0 (53) Kramnik,V (2809)-Hou,Y (2651) Medias 2016}) 7... Qf6 {[%emt 0:07:20]} 8. Qe4+ {[%emt 0:00:17]} Qe6 $146 {[%emt 0:05:31]} ({Predecessor:} 8... Be7 9. O-O-O Qe6 10. Qxe6 fxe6 11. e4 b6 12. Bb5 Bb7 13. Ne5 Nxe5 14. Bxe5 O-O-O {½-½ (33) Afanasiev,D (2057)-Volodin,I (2295) Kazan 2012}) 9. Qxe6+ {[%emt 0:00:18]} fxe6 {[%emt 0:01:05]} 10. e4 {[%emt 0:06:46]} g6 {[%emt 0:02:08]} 11. O-O-O {[%emt 0:00:48]} b6 {[%emt 0:01:18]} 12. Ne5 {[%emt 0:02:41]} Nxe5 {[%emt 0:00:34]} 13. Bxe5 {[%emt 0:00:07]} Bh6+ {[%emt 0:00:19]} 14. Kb1 {[%emt 0:00:28]} Rf8 {[%emt 0:00:34]} 15. f3 {[%emt 0:00:40]} Rf7 {[%emt 0:00:15]} 16. Bc4 {[%emt 0:06:18]} Bb7 {[%emt 0:01:13]} 17. Bd6 {[%emt 0:01:53]} Bf8 {[%emt 0:01:54]} 18. Bxf8 {[%emt 0:06:26]} Rxf8 {[%emt 0:00:43]} 19. Rd6 {[%emt 0:02:00]} Rf7 {[%emt 0:02:50]} 20. Rhd1 {[%emt 0:00:19]} Re7 {[%emt 0:02:13]} 21. a4 {[%emt 0:09:45]} Bc6 {[%emt 0:00:21]} 22. Bb5 {[%emt 0:00:49]} Bxb5 {[%emt 0:01:00]} 23. axb5 {[%emt 0:00:05]} Rc8 {[%emt 0:00:37]} 24. c4 {[%emt 0:00:51]} Rc7 {[%emt 0:00:37]} 25. Kc2 {[%emt 0:00:43]} Rf7 {[%emt 0:03:25]} 26. Ra1 {[%emt 0:01:40]} Ke7 {[%emt 0:03:47]} 27. Rd3 {[%emt 0:00:12]} Kf6 {[%emt 0:01:33]} 28. Kd2 {[%emt 0:02:45]} g5 {[%emt 0:01:55]} 29. Ke3 {[%emt 0:01:07]} h6 {[%emt 0:03:41]} 30. Rad1 {[%emt 0:01:11]} Ke7 {[%emt 0:00:53]} 31. g3 {[%emt 0:00:31]} Rg7 {[%emt 0:03:46]} 32. e5 {[%emt 0:01:32]} Rf7 {[%emt 0:02:18]} 33. Ra1 {[%emt 0:00:49]} Rf5 {[%emt 0:00:32]} 34. Ke4 {[%emt 0:00:42]} h5 {[%emt 0:03:20]} 35. Rda3 {[%emt 0:00:17]} d6 {[%emt 0:00:18]} 36. exd6+ {[%emt 0:05:06]} Kxd6 {[%emt 0:00:04]} 37. Rxa7 {[%emt 0:00:16]} Re5+ {[%emt 0:00:55]} 38. Kd3 {[%emt 0:00:06]} Rxa7 {[%emt 0:03:34]} 39. Rxa7 {[%emt 0:00:08]} Re1 {[%emt 0:00:03]} 40. Rb7 {[%emt 0:00:00]} Ke5 {[%emt 0:01:10]} 41. Rxb6 {[%emt 0:11:41]} Rf1 {[%emt 0:01:57]} 42. Rc6 {[%emt 0:05:05]} Rxf3+ {[%emt 0:00:37]} 43. Kc2 {[%emt 0:03:23]} Kd4 {[%emt 0:01:16]} 44. b6 {[%emt 0:00:33]} Rf8 {[%emt 0:08:09]} 45. b4 {[%emt 0:07:37]} Kxc4 {[%emt 0:04:43]} 46. bxc5 {[%emt 0:00:13]} Rf2+ {[%emt 0:03:04]} 47. Kd1 Rxh2 48. b7 {[%emt 0:01:26]} Rb2 {[%emt 0:01:40]} 49. Rb6 {[%emt 0:00:10]} 1-0

[Event "ESTCC U50 2018"]
[Site "Walbrzych"]
[Date "2018.04.19"]
[Round "6"]
[White "Wielosz, Jaroslaw"]
[Black "Grabuzova, Tatiana"]
[Result "0-1"]
[WhiteElo "2038"]
[BlackElo "2311"]
[Annotator "TA"]
[PlyCount "102"]
[EventDate "2018.??.??"]
[EventCountry "POL"]
[SourceTitle "playchess.com"]
[Source "ChessBase"]
[SourceQuality "1"]
[WhiteTeam "Poland"]
[BlackTeam "Russia"]
[WhiteTeamCountry "POL"]
[BlackTeamCountry "RUS"]

{[%evp 10,102,21,32,34,39,58,54,53,48,39,36,69,32,45,32,75,27,20,15,73,48,82,67,60,56,64,59,50,51,56,0,27,27,56,59,297,339,301,97,100,-17,-15,-21,-13,-37,-29,-33,-28,-62,-46,-95,-95,-95,-95,-95,-95,-95,-70,-79,-79,-164,-166,-143,-140,-327,-244,-186,-175,-327,-327,-326,-326,-488,-497,-496,-496,-495,-493,-493,-489,-476,-469,-454,-443,-551,-538,-705,-699,-681,-681,-718,-697,-647,-640]} 1. d4 e6 2. c4 f5 3. Nc3 Nf6 4. e3 Bb4 5. Nge2 b6 6. a3 {LiveBook: 8 Games. A85: Dutch Defence: 2 c4 Nf6 3 Nc3} Be7 (6... Bxc3+ 7. Nxc3 Bb7 8. d5 c6 9. d6 c5 10. Nb5 O-O 11. Nc7 f4 12. exf4 Nc6 13. Nxa8 Qxa8 14. Be2 Nd4 15. f3 Nh5 16. Be3 Nxf4 17. Bxf4 Rxf4 {½-½ (17) Ivanisevic,I (2651)-Sedlak,N (2541) Niksic 2016}) 7. Nf4 Bb7 8. Be2 {White is slightly better.} O-O 9. O-O g5 10. Nd3 d6 11. b4 Nbd7 12. Bb2 $146 ({Find the theoretical novelty and annotate with similar games:} 12. f3 e5 13. Nf2 f4 14. d5 Rf7 15. Bd3 Nf8 16. Qc2 {½-½ (16) Senkiewicz,M-Le Blancq,S (2270) Thessaloniki 1988}) 12... Ne4 13. f3 Nxc3 14. Bxc3 Nf6 (14... Bf6 $11) 15. Nf2 Qe8 16. Qc2 Qg6 17. Rae1 h5 18. Bd3 g4 19. fxg4 hxg4 {[#]} 20. e4 (20. d5 $1 $14 {[%mdl 512]}) 20... g3 21. hxg3 {[%cal Re4f5]} Qxg3 22. d5 $1 fxe4 $2 (22... f4 $14) 23. Nxe4 $18 Nxe4 24. Bxe4 $2 (24. Rxe4 $18 {is the precise move to win. Rg4+! would kill now.} e5 25. Rxf8+ Rxf8 26. Be1) 24... e5 $16 {[#]} 25. Qd3 (25. Bd2 $1 $16) 25... Qxd3 $11 26. Bxd3 Bg5 27. Rf5 Rxf5 28. Bxf5 Rf8 29. g4 Kg7 30. b5 Bc8 31. Bxc8 Rxc8 $17 {[%mdl 4096] Endgame KRB-KRB} 32. Kg2 Rf8 33. Rf1 Bf4 34. Rh1 Kg6 35. Rh5 {[#]} (35. Be1 $17 {was called for.}) 35... Bg5 $1 $19 36. Kg3 e4 37. Bd4 $2 (37. Kg2 $17) 37... Rf3+ 38. Kg2 Rd3 ({Much less strong is} 38... Rxa3 39. Rh8 $17) 39. Bg1 $2 (39. Bf2) 39... Rd2+ ({Not} 39... Rxa3 40. Rh8 $19) 40. Kg3 Rd1 41. Kg2 (41. Rxg5+ $142 Kxg5 42. Be3+ Kg6 43. Kf4) 41... e3 {Black is clearly winning.} 42. Rh8 e2 43. Bf2 e1=Q 44. Bxe1 Rxe1 {KRB-KR} 45. Rg8+ Kf6 46. Rf8+ Ke7 47. Ra8 Re4 48. Rxa7 Rxg4+ 49. Kf3 Rxc4 50. a4 Kf6 51. a5 bxa5 {Precision: White = 34%, Black = 65%.} 0-1